Store from which country? #2 - Statistics

General Stats
  • This quiz has been taken 18 times
  • The average score is 11 of 20
Answer Stats
Store/franchise Country % Correct
SuperValu, Inc. USA
100%
Iceland Wales
100%
Jingkelong China
94%
ICA Sweden
83%
Soriana Mexico
78%
Bónus Iceland
72%
Nilgiri's 1905 India
61%
Masoutis Greece
50%
Hero Indonesia
50%
SuperValu Ireland
50%
Plaza Vea Peru
50%
Carulla Colombia
44%
Mydin Malaysia
39%
RT-Mart Taiwan
39%
Big C Thailand
39%
Santa Isabel Chile
33%
Sheng Siong Singapore
33%
Coop (previously USC) Switzerland
33%
The Sultan Center Kuwait
17%
IKI Lithuania
17%
No matching quizzes found
Score Distribution
Percent of People with Each Score
Percentile by Number Answered
Your Score History
You have not taken this quiz